00786cam a22002291 4500001001300000003000400013005001700017008004100034010001700075025001900092035002000111040001800131042001200149050001700161082001900178110004000197245018200237260004600419300003500465651003900500999001700539sa 67006665 DLC20260227112409.0861114s1967 pk b 000 0 eng  asa 67006665  aPL480:P-E-1152 a(OCoLC)14712929 aDLCcWaUdDLC apremarc00aHC503.E2bP3 a382/.09/5490671 aPakistan.bExport Promotion Bureau.10aTour report of Pakistan businessmen's delegation to Central and East African countries (Aden, Ethiopia, Kenya, Uganda, Tanzania, Malawi, Zambia and Somalia) May 4-June 22, 1965. aKarachib[Manager of Publications,c1967] aiii, 90 p.bfold. map.c19 cm. 0aAfrica, EastxEconomic conditions. c76085d76085